000 00981nam a2200265 a 4500
001 83075
003 BD-RjUL
005 20240213110946.0
008 240213s1297 ir ||||| |||| 00| 0 per d
035 _a(BD-RjUL)83075
040 _aNNL
_bara
_cBD-RjUL
041 _aper
082 _223
_a891.558
_bMUA 1297
084 _a891.558
130 0 _aكليلة ودمنة.
_pبالفارسية
_911708
245 1 0 _aانوار سهيلى = Anwar Saheli / Anvār-i Suhaylī = Anwar Saheli /
_cباهتمام...محمد عبد الخالق...biahtimam...muhamadabd alkhaliq
260 _aلكهنو، الهند :
_bمطبع يوسفى،
_cدون تاريخ.
300 _a456 p. ;.
_c23 cm
490 _a"Persian literature series"--Jacket
650 _a"Persian literature
700 1 _aعبد الخالق، محمد
_911709
700 1 _aالكاشفي، حسين بن علي،
_dتوفي 1504
_911710
830 _a"Persian literature series"--Jacket
_911711
942 _2ddc
_cBK
999 _c83075
_d83075